|
|
|
|
| LEADER |
00000nam0a2200000 4500 |
| 001 |
292548 |
| 005 |
20231102000515.0 |
| 035 |
|
|
|a (RuTPU)RU\TPU\book\317184
|
| 090 |
|
|
|a 292548
|
| 100 |
|
|
|a 20150423d1963 k y0rusy50 ca
|
| 101 |
0 |
|
|a rus
|
| 102 |
|
|
|a RU
|
| 105 |
|
|
|a a z 001zy
|
| 200 |
1 |
|
|a Ионизационное старение, короностойкость и методы испытаний высоковольтной изоляции
|e по материалам 2 конференции ЦИНТИПриборЭлектропром, 1962 г., Ленинград
|e [сборник]
|f Государственный комитет по электротехнике при Госплане СССР ; Центральный институт научно-технической информации электротехнической промышленности и приборостроения (ЦИНТИЭлектропром)
|
| 210 |
|
|
|a Москва
|c Изд-во ЦИНТИЭ
|d 1963
|
| 215 |
|
|
|a 223 с.
|c ил.
|
| 320 |
|
|
|a Библиогр. в конце ст.
|
| 606 |
1 |
|
|a Трансформаторы высоковольтные
|x Изоляция
|2 stltpush
|3 (RuTPU)RU\TPU\subj\61439
|9 78627
|
| 610 |
1 |
|
|a ионизация
|
| 610 |
1 |
|
|a короностойкость
|
| 610 |
1 |
|
|a пленочные материалы
|
| 610 |
1 |
|
|a старение
|
| 610 |
1 |
|
|a измерения
|
| 610 |
1 |
|
|a методика
|
| 610 |
1 |
|
|a бумажно-масляная изоляция
|
| 610 |
1 |
|
|a жидкие диэлектрики
|
| 610 |
1 |
|
|a электрические машины
|
| 610 |
1 |
|
|a диэлектрики
|
| 610 |
1 |
|
|a пробой
|
| 675 |
|
|
|a 621.314.21.027.3
|v 4
|
| 712 |
0 |
2 |
|a Государственный комитет по электротехнике при Госплане СССР
|2 stltpush
|3 (RuTPU)RU\TPU\col\13602
|9 25715
|
| 712 |
0 |
2 |
|a Центральный институт научно-технической информации электротехнической промышленности и приборостроения (ЦИНТИЭлектропром)
|2 stltpush
|3 (RuTPU)RU\TPU\col\14243
|
| 801 |
|
1 |
|a RU
|b 63413507
|c 20150423
|
| 801 |
|
2 |
|a RU
|b 63413507
|c 20170330
|g RCR
|
| 942 |
|
|
|c BK
|